<?xml version="1.0" encoding="UTF-8"?>
<record
    xmlns:xsi="http://www.w3.org/2001/XMLSchema-instance"
    xsi:schemaLocation="http://www.loc.gov/MARC21/slim http://www.loc.gov/standards/marcxml/schema/MARC21slim.xsd"
    xmlns="http://www.loc.gov/MARC21/slim">

  <leader>01992nas a2200277Ia 4500</leader>
  <controlfield tag="001">R270-R7198</controlfield>
  <controlfield tag="003">IT-CnALBA</controlfield>
  <controlfield tag="008">170116c99999999xx ||||||||||||   ||und||</controlfield>
  <datafield tag="040" ind1=" " ind2=" ">
    <subfield code="a">IT-CnALBA</subfield>
    <subfield code="c">IT-CnALBA</subfield>
  </datafield>
  <datafield tag="041" ind1=" " ind2=" ">
    <subfield code="a">ITALIANO</subfield>
  </datafield>
  <datafield tag="100" ind1=" " ind2=" ">
    <subfield code="a">MOHERMANN CHRISTINE</subfield>
  </datafield>
  <datafield tag="210" ind1=" " ind2=" ">
    <subfield code="a">RIVISTA DI STORIA DELLA CHIESA IN ITALIA</subfield>
  </datafield>
  <datafield tag="222" ind1=" " ind2=" ">
    <subfield code="a">RIVISTA DI STORIA DELLA CHIESA IN ITALIA</subfield>
  </datafield>
  <datafield tag="245" ind1=" " ind2="0">
    <subfield code="a">RIVISTA DI STORIA DELLA CHIESA IN ITALIA. GENNAIO-DICEMBRE 1951. </subfield>
  </datafield>
  <datafield tag="250" ind1=" " ind2=" ">
    <subfield code="a">1a ed.</subfield>
  </datafield>
  <datafield tag="260" ind1=" " ind2=" ">
    <subfield code="a"> ROMA</subfield>
    <subfield code="b">ISTITUTO GRAFICO TIBERINO </subfield>
    <subfield code="c">1951 [1&#xB0; Ed.:1951 - Ed.Ling.Originale: 1951]</subfield>
  </datafield>
  <datafield tag="300" ind1=" " ind2=" ">
    <subfield code="a">462 p. </subfield>
  </datafield>
  <datafield tag="310" ind1=" " ind2=" ">
    <subfield code="a">QUADRIMESTRALE</subfield>
  </datafield>
  <datafield tag="362" ind1=" " ind2=" ">
    <subfield code="a">Fascicolo: 1-3 / Anno: 5 (1951)</subfield>
  </datafield>
  <datafield tag="500" ind1=" " ind2=" ">
    <subfield code="a">INDICE ONOMASTICO. MERCATI G CARDINALE. PASCHINI P. AVE GRATIFICATA. TEOLOGIA E DIRITTO CANONICO NELLA MONARCHIA. INTORNO A EUGENIO IV. LORENZO VALLA E FRA LUDOVICO DA STRASSOLDO. LA FOLTTA PAPALE ALLA PREVESA. LAURENT M. H. I VESCOVI DI SICILIA E LA DECIMA PONTIFICIA DEL 1274 1280. FRUGONI A. LAUDI AQUILANE A CELESTINO V. GUARNIERI R. RICORDI DI UNA VISITA APOSTOLICA DEL 1566 AI CISTERCENSI DI TOSCANA. AMARI G. IL CONCETTO DI STORIA DI SANT'AGOSTINO. LETTERE DEL BEATO GIORDANO, WALZ A. INTORNO ALLE LETTERE DEL BEATO GIORDANO DI SASSONIA. </subfield>
  </datafield>
  <datafield tag="501" ind1=" " ind2=" ">
    <subfield code="a">Societ&#xE0; San Paolo EM - Piazza San Paolo, 14 - 12051 ALBA (CN)  (non commercial uses only) &#xAE; Copyright 2017</subfield>
  </datafield>
  <datafield tag="520" ind1=" " ind2=" ">
    <subfield code="a">INDICE ONOMASTICO. MERCATI G CARDINALE. PASCHINI P. AVE GRATIFICATA. TEOLOGIA E DIRITTO CANONICO NELLA MONARCHIA. INTORNO A EUGENIO IV. LORENZO VALLA E FRA LUDOVICO DA STRASSOLDO. LA FOLTTA PAPALE ALLA PREVESA. LAURENT M. H. I VESCOVI DI SICILIA E LA DECIMA PONTIFICIA DEL 1274 1280. FRUGONI A. LAUDI AQUILANE A CELESTINO V. GUARNIERI R. RICORDI DI UNA VISITA APOSTOLICA DEL 1566 AI CISTERCENSI DI TOSCANA. AMARI G. IL CONCETTO DI STORIA DI SANT'AGOSTINO. LETTERE DEL BEATO GIORDANO, WALZ A. INTORNO ALLE LETTERE DEL BEATO GIORDANO DI SASSONIA. </subfield>
  </datafield>
  <datafield tag="650" ind1=" " ind2=" ">
    <subfield code="a">STORIA DELLA CHIESA</subfield>
  </datafield>
  <datafield tag="942" ind1=" " ind2=" ">
    <subfield code="c">CR</subfield>
  </datafield>
  <datafield tag="957" ind1=" " ind2=" ">
    <subfield code="7">1</subfield>
  </datafield>
  <datafield tag="999" ind1=" " ind2=" ">
    <subfield code="a">58765</subfield>
    <subfield code="b">NO</subfield>
    <subfield code="g">1</subfield>
    <subfield code="c">325792</subfield>
    <subfield code="d">325792</subfield>
  </datafield>
  <datafield tag="952" ind1=" " ind2=" ">
    <subfield code="0">0</subfield>
    <subfield code="1">0</subfield>
    <subfield code="4">0</subfield>
    <subfield code="6">R_270R7198</subfield>
    <subfield code="7">1</subfield>
    <subfield code="a">ALBA</subfield>
    <subfield code="b">ALBA</subfield>
    <subfield code="d">2017-01-16</subfield>
    <subfield code="l">0</subfield>
    <subfield code="o">R270-R7198</subfield>
    <subfield code="r">2017-01-16 00:00:00</subfield>
    <subfield code="w">2017-01-16</subfield>
    <subfield code="y">CR</subfield>
    <subfield code="z">(data import: 16 gennaio 2017) - By Epidotti, Vaglietti. </subfield>
  </datafield>
</record>
